[Event "Belgrade-chT Quality"]
[Site "Belgrade"]
[Date "2019.10.27"]
[Round "8.6"]
[White "Ugrcic, Zoran"]
[Black "Stefanovic, Ognjen"]
[Result "1/2-1/2"]
[WhiteElo "1941"]
[BlackElo "2139"]
[PlyCount "62"]
[EventDate "2019.10.05"]
[EventType "team-tourn"]
[EventRounds "11"]
[EventCountry "SRB"]
[SourceTitle "EXT 2022"]
[Source "ChessBase"]
[SourceDate "2021.10.06"]
[SourceVersion "1"]
[SourceVersionDate "2021.10.06"]
[SourceQuality "1"]
[WhiteTeam "Cukaricki"]
[BlackTeam "NBSK"]
[WhiteTeamCountry "SRB"]
[BlackTeamCountry "SRB"]

1. Nf3 Nf6 2. d4 g6 3. c4 Bg7 4. g3 d6 5. Bg2 0-0 6. 0-0 Nc6 7. Nc3 Bf5 8. Nh4 Bd7 9. Bg5 h6 10. Bxf6 Bxf6 11. Nf3 Qc8 12. Qd2 Kh7 13. e3 a6 14. Rac1 Bg7 15. Rfd1 Rb8 16. Ne1 Bh3 17. Bh1 Na7 18. Nd3 c5 19. dxc5 dxc5 20. Nd5 Re8 21. N3f4 g5 22. Nb6 Qc7 23. Nfd5 Qe5 24. Qc2+ Kh8 25. Nc3 Red8 26. Qa4 Nc6 27. Rd5 Qc7 28. Rxd8+ Qxd8 29. Bxc6 bxc6 30. Qa5 Qc7 31. Rd1 Rd8 1/2-1/2

[Event "Belgrade-chT Quality"]
[Site "Belgrade"]
[Date "2019.10.05"]
[Round "1.4"]
[White "Mitic, Miroljub"]
[Black "Stefanovic, Ognjen"]
[Result "1-0"]
[WhiteElo "2200"]
[BlackElo "2139"]
[PlyCount "63"]
[EventDate "2019.10.05"]
[EventType "team-tourn"]
[EventRounds "11"]
[EventCountry "SRB"]
[SourceTitle "EXT 2022"]
[Source "ChessBase"]
[SourceDate "2021.10.06"]
[SourceVersion "1"]
[SourceVersionDate "2021.10.06"]
[SourceQuality "1"]
[WhiteTeam "Belgrade Politika"]
[BlackTeam "NBSK"]
[WhiteTeamCountry "SRB"]
[BlackTeamCountry "SRB"]

1. d4 Nf6 2. c4 g6 3. Nc3 Bg7 4. e4 d6 5. f3 0-0 6. Be3 c6 7. Qd2 a6 8. 0-0-0 b5 9. d5 cxd5 10. cxd5 Qa5 11. Kb1 Nbd7 12. Bh6 b4 13. Nce2 Nc5 14. Bxg7 Kxg7 15. Nd4 Bd7 16. h4 Bb5 17. h5 Rh8 18. h6+ Kf8 19. Nge2 Bd3+ 20. Ka1 Qa4 21. b3 Qa3 22. Nc1 Bxf1 23. Rhxf1 Rb8 24. Rfe1 Rb7 25. g4 Qa5 26. g5 Ne8 27. f4 f6 28. gxf6 exf6 29. e5 f5 30. Nc6 Qb6 31. exd6 Ne4 32. Rxe4 1-0

[Event "Belgrade-chTB Quality"]
[Site "Belgrade"]
[Date "2018.10.13"]
[Round "5.2"]
[White "Stefanovic, Ognjen"]
[Black "Bakovic, Nebojsa"]
[Result "1-0"]
[WhiteElo "2067"]
[BlackElo "2076"]
[PlyCount "53"]
[EventDate "2018.09.29"]
[EventType "team-tourn"]
[EventRounds "11"]
[EventCountry "SRB"]
[SourceTitle "CBM 187 Extra"]
[Source "ChessBase"]
[SourceDate "2018.11.04"]
[SourceVersion "1"]
[SourceVersionDate "2018.11.04"]
[SourceQuality "1"]
[WhiteTeam "Belgrade NB"]
[BlackTeam "Belgrade Rakovica"]
[WhiteTeamCountry "SRB"]
[BlackTeamCountry "SRB"]

1. e4 d6 2. d4 Nf6 3. Nc3 g6 4. f4 Bg7 5. Nf3 0-0 6. Bd3 Nc6 7. e5 dxe5 8. fxe5 Nd5 9. Nxd5 Qxd5 10. c3 e6 11. 0-0 Ne7 12. Bg5 Qd7 13. Qe1 h6 14. Qh4 Nf5 15. Bxf5 exf5 16. Bxh6 Re8 17. Rae1 Qd5 18. c4 Qxc4 19. Rc1 Qd5 20. Rxc7 Qd8 21. Qxd8 Rxd8 22. Bxg7 Kxg7 23. Ng5 Rxd4 24. Rfc1 Bd7 25. e6 Bc6 26. exf7 Rd6 27. Nh7 1-0

[Event "SRB-ch U20"]
[Site "Belgrade"]
[Date "2018.06.30"]
[Round "7"]
[White "Djokic, Mihailo"]
[Black "Stefanovic, Ognjen"]
[Result "1/2-1/2"]
[WhiteElo "2009"]
[BlackElo "2154"]
[PlyCount "88"]
[EventDate "2018.06.25"]
[EventType "tourn"]
[EventRounds "7"]
[EventCountry "SRB"]
[SourceTitle "EXT 2019"]
[Source "ChessBase"]
[SourceDate "2018.10.10"]
[SourceVersion "1"]
[SourceVersionDate "2018.10.10"]
[SourceQuality "1"]

1. e4 c5 2. Nf3 Nc6 3. d4 cxd4 4. Nxd4 Qc7 5. Nc3 e6 6. Be2 a6 7. 0-0 Nf6 8. Be3 Bb4 9. Na4 0-0 10. Nxc6 bxc6 11. Nb6 Rb8 12. Nxc8 Rfxc8 13. Bxa6 Rf8 14. Qf3 Bd6 15. g3 Be5 16. b3 Bxa1 17. Rxa1 Qe5 18. Rd1 Ra8 19. Bd4 Qxe4 20. Qxe4 Nxe4 21. Bd3 d5 22. a4 c5 23. f3 cxd4 24. fxe4 dxe4 25. Bxe4 Rad8 26. b4 f5 27. Bc6 Rf7 28. b5 Ra7 29. Ra1 Ra5 30. Kf2 Kf7 31. Ke2 e5 32. Kd3 Ke6 33. Kc4 Kd6 34. Kb4 Ra7 35. a5 Rb8 36. Rd1 Rc7 37. Kc4 Rxc6+ 38. bxc6 Kxc6 39. Re1 Re8 40. Rb1 Ra8 41. Rb6+ Kc7 42. Rb5 Kd6 43. Rb6+ Kc7 44. Rb5 Kd6 1/2-1/2

[Event "SRB-ch U20"]
[Site "Belgrade"]
[Date "2018.06.29"]
[Round "6"]
[White "Stefanovic, Ognjen"]
[Black "Stanojevic, Ilija"]
[Result "1/2-1/2"]
[WhiteElo "2154"]
[BlackElo "2120"]
[PlyCount "102"]
[EventDate "2018.06.25"]
[EventType "tourn"]
[EventRounds "7"]
[EventCountry "SRB"]
[SourceTitle "EXT 2019"]
[Source "ChessBase"]
[SourceDate "2018.10.10"]
[SourceVersion "1"]
[SourceVersionDate "2018.10.10"]
[SourceQuality "1"]

1. e4 e6 2. d4 d5 3. Nc3 Bb4 4. e5 c5 5. a3 Bxc3+ 6. bxc3 Qc7 7. Qg4 Ne7 8. Qxg7 Rg8 9. Qxh7 cxd4 10. Ne2 dxc3 11. f4 Nbc6 12. h4 Bd7 13. h5 0-0-0 14. Qd3 Nf5 15. Rb1 d4 16. h6 Rg6 17. h7 Rh8 18. Rh3 Rg7 19. Kf2 a6 20. g3 Qd8 21. Bg2 Rgxh7 22. Rxh7 Rxh7 23. Be4 Rh2+ 24. Kg1 Rxe2 25. Qxe2 Nxg3 26. Qg2 Nxe4 27. Qxe4 Qa5 28. Kf2 Qc5 29. Rb3 Qc4 30. Ke1 b5 31. Rb4 Qd5 32. Qh7 Nxb4 33. axb4 Qg2 34. Qh8+ Kc7 35. Qf8 Qg1+ 36. Ke2 Qg2+ 37. Kd3 Qf1+ 38. Kxd4 Qxc1 39. Qd6+ Kd8 40. Qb6+ Ke7 41. Qd6+ Ke8 42. Qb8+ Ke7 43. Qd6+ Kd8 44. Qb6+ Kc8 45. Qxa6+ Kc7 46. Qd6+ Kc8 47. Qa6+ Kc7 48. Qd6+ Kd8 49. Qb6+ Ke8 50. Kc5 Qg1+ 51. Kd6 Qd4+ 1/2-1/2

[Event "SRB-ch U20"]
[Site "Belgrade"]
[Date "2018.06.28"]
[Round "5"]
[White "Stefanovic, Ognjen"]
[Black "Rajkovic, Mladen"]
[Result "1/2-1/2"]
[WhiteElo "2154"]
[BlackElo "2354"]
[PlyCount "69"]
[EventDate "2018.06.25"]
[EventType "tourn"]
[EventRounds "7"]
[EventCountry "SRB"]
[SourceTitle "EXT 2019"]
[Source "ChessBase"]
[SourceDate "2018.10.10"]
[SourceVersion "1"]
[SourceVersionDate "2018.10.10"]
[SourceQuality "1"]

1. e4 e5 2. Nf3 Nc6 3. Bc4 Bc5 4. c3 Nf6 5. d4 exd4 6. e5 d5 7. Be2 Ne4 8. cxd4 Bb6 9. 0-0 0-0 10. Be3 f6 11. exf6 Qxf6 12. Nc3 Be6 13. Na4 Ne7 14. Ne5 Nf5 15. Qd3 Rae8 16. b4 Bc8 17. Nxb6 Qxb6 18. b5 Ned6 19. a4 Nxe3 20. a5 Qxb5 21. Qxe3 Nc4 22. Qc3 Be6 23. a6 Rb8 24. Rfb1 Qe8 25. Bxc4 dxc4 26. axb7 Bd5 27. Rxa7 Rf6 28. Qa5 Qd8 29. Ra8 Rxa8 30. Qxa8 Qxa8 31. bxa8Q+ Bxa8 32. Rb8+ Rf8 33. Rxf8+ Kxf8 34. Nxc4 Ke7 35. Ne3 1/2-1/2

[Event "SRB-ch U16"]
[Site "Kragujevac"]
[Date "2017.04.16"]
[Round "8"]
[White "Djokic, Mihailo"]
[Black "Stefanovic, Ognjen"]
[Result "1-0"]
[WhiteElo "1873"]
[BlackElo "2051"]
[PlyCount "104"]
[EventDate "2017.04.11"]
[EventType "swiss"]
[EventRounds "9"]
[EventCountry "SRB"]
[SourceTitle "EXT 2019"]
[Source "ChessBase"]
[SourceDate "2018.10.10"]
[SourceVersion "1"]
[SourceVersionDate "2018.10.10"]
[SourceQuality "1"]

1. e4 c5 2. Nf3 Nc6 3. d4 cxd4 4. Nxd4 Qc7 5. Nc3 e6 6. Be2 a6 7. 0-0 Nf6 8. Kh1 Bb4 9. Bg5 Bxc3 10. Bxf6 gxf6 11. bxc3 d6 12. f4 Bd7 13. Bh5 Rf8 14. f5 0-0-0 15. Qd2 e5 16. Nb3 Na7 17. a4 Bc6 18. Qe3 Kb8 19. c4 Rc8 20. Be2 a5 21. Rfb1 Ka8 22. Bd3 b6 23. Nd2 Rb8 24. c3 Be8 25. Qh6 Qe7 26. Qe3 Nc8 27. Qh6 Na7 28. Rb2 Bc6 29. Bc2 Rh8 30. Rab1 Qd8 31. Nf1 Nc8 32. Ne3 Ne7 33. Qxf6 Rf8 34. Rd1 Nc8 35. Qxd8 Rxd8 36. f6 Kb7 37. c5 Kc7 38. Nc4 dxc5 39. Rxd8 Kxd8 40. Nxe5 Be8 41. Nc4 Kc7 42. e5 h6 43. Rb1 Na7 44. Kg1 Bd7 45. Nd6 Be6 46. Be4 Nc6 47. Bxc6 Kxc6 48. c4 Rg8 49. Kf2 Rg5 50. Re1 Rg4 51. Kf3 Rg5 52. Re4 h5 1-0

[Event "Belgrade-ch"]
[Site "Belgrade"]
[Date "2016.01.30"]
[Round "8"]
[White "Stefanovic, Ognjen"]
[Black "Tisma, Ivan"]
[Result "0-1"]
[WhiteElo "1898"]
[BlackElo "2163"]
[PlyCount "84"]
[EventDate "2016.01.23"]
[EventType "swiss"]
[EventRounds "9"]
[EventCountry "SRB"]
[SourceTitle "EXT 2017"]
[Source "ChessBase"]
[SourceDate "2016.10.25"]
[SourceVersion "1"]
[SourceVersionDate "2016.10.25"]
[SourceQuality "1"]

1. e4 c5 2. Nf3 a6 3. d3 g6 4. g3 Bg7 5. Bg2 Nc6 6. 0-0 e6 7. c3 Nge7 8. d4 cxd4 9. cxd4 d5 10. e5 0-0 11. Nc3 b5 12. h4 Bd7 13. h5 Nc8 14. hxg6 fxg6 15. Bh3 Nb6 16. Ng5 Qe7 17. Qg4 Rae8 18. Ne2 h6 19. Nf3 h5 20. Qxg6 Rxf3 21. Nf4 Rxf4 22. Bxf4 Qf7 23. Qd3 Nc8 24. a4 bxa4 25. Rfd1 Nb4 26. Qc3 Bf8 27. Bg2 Nb6 28. Rdc1 Rc8 29. Qd2 Nc4 30. Qe2 Qg7 31. Bf3 Be8 32. Rc3 Rb8 33. b3 axb3 34. Rxb3 a5 35. Kg2 Rb7 36. Rh1 Ra7 37. g4 a4 38. Rc3 a3 39. Rxc4 dxc4 40. Be4 Bc6 41. Bxc6 Nxc6 42. Kf1 Nxd4 0-1

[Event "SRB-ch U14"]
[Site "Vrbas"]
[Date "2015.04.13"]
[Round "7"]
[White "Rakic, Nikola"]
[Black "Stefanovic, Ognjen"]
[Result "0-1"]
[WhiteElo "1670"]
[BlackElo "1863"]
[PlyCount "60"]
[EventDate "2015.04.09"]
[EventType "swiss"]
[EventRounds "9"]
[EventCountry "SRB"]
[SourceTitle "EXT 2022"]
[Source "ChessBase"]
[SourceDate "2021.10.06"]
[SourceVersion "1"]
[SourceVersionDate "2021.10.06"]
[SourceQuality "1"]

1. e4 c5 2. Nf3 d6 3. d4 cxd4 4. Nxd4 Nf6 5. Nc3 a6 6. Be2 e5 7. Nf3 Be7 8. h3 0-0 9. Be3 h6 10. Qd2 Be6 11. 0-0 b5 12. a3 Nbd7 13. Rad1 Nb6 14. Qc1 Qc7 15. Bxb6 Qxb6 16. Bd3 Rfc8 17. Rfe1 b4 18. axb4 Qxb4 19. Nd5 Nxd5 20. exd5 Bxd5 21. Bh7+ Kxh7 22. Rxd5 Rab8 23. b3 Qc3 24. Rd2 Rxb3 25. Rd3 Qxd3 26. Qxh6+ gxh6 27. cxd3 Rxd3 28. Nxe5 dxe5 29. Rxe5 Rd1+ 30. Kh2 Bd6 0-1

[Event "Belgrade-chT"]
[Site "Belgrade"]
[Date "2014.11.05"]
[Round "13"]
[White "Skare, Goran"]
[Black "Stefanovic, Ognjen"]
[Result "0-1"]
[WhiteElo "2300"]
[BlackElo "1764"]
[PlyCount "96"]
[EventDate "2014.10.04"]
[EventType "team-tourn"]
[EventRounds "13"]
[EventCountry "SRB"]
[SourceTitle "EXT 2015"]
[Source "ChessBase"]
[SourceDate "2014.11.20"]
[SourceVersion "1"]
[SourceVersionDate "2014.11.20"]
[SourceQuality "1"]

1. d4 Nf6 2. c4 g6 3. Nc3 Bg7 4. e4 d6 5. Be2 0-0 6. Bg5 h6 7. Be3 c5 8. d5 e6 9. f3 exd5 10. cxd5 Re8 11. Qd2 h5 12. a4 Na6 13. Bb5 Re7 14. Nge2 Nc7 15. Bc4 Bd7 16. 0-0 Rb8 17. Bf4 Nfe8 18. Nb5 Nxb5 19. axb5 a6 20. bxa6 bxa6 21. Ra2 Bb5 22. b3 Reb7 23. Bg5 Qc7 24. Rc1 Bxc4 25. bxc4 Rb2 26. Rc2 Rxa2 27. Rxa2 Rb4 28. Qc2 Qb7 29. Kf2 Nc7 30. Bd2 Rb2 31. Rxb2 Qxb2 32. Qxb2 Bxb2 33. Ke3 Bg7 34. Kd3 Kf8 35. Kc2 Ke8 36. Kb3 Kd7 37. Nc1 Kc8 38. Nd3 Bd4 39. Bh6 Ne8 40. Bf8 Bg7 41. Bxg7 Nxg7 42. h4 Kc7 43. Nf4 Ne8 44. Nh3 Ng7 45. Ka4 f6 46. Ka5 Kb7 47. Nf4 g5 48. Ng6 Ne8 0-1

[Event "Belgrade-chT"]
[Site "Belgrade"]
[Date "2014.10.25"]
[Round "7"]
[White "Arsenovic, Milos"]
[Black "Stefanovic, Ognjen"]
[Result "1-0"]
[WhiteElo "2136"]
[BlackElo "1764"]
[PlyCount "56"]
[EventDate "2014.10.04"]
[EventType "team-tourn"]
[EventRounds "13"]
[EventCountry "SRB"]
[SourceTitle "EXT 2015"]
[Source "ChessBase"]
[SourceDate "2014.11.20"]
[SourceVersion "1"]
[SourceVersionDate "2014.11.20"]
[SourceQuality "1"]

1. d4 Nf6 2. c4 g6 3. Nc3 Bg7 4. e4 d6 5. Nf3 0-0 6. Be2 Bg4 7. Be3 Nfd7 8. 0-0 Nc6 9. d5 Bxf3 10. Bxf3 Na5 11. Be2 Bxc3 12. bxc3 c5 13. Qa4 Kg7 14. f4 Qc7 15. Bg4 Nf6 16. Bf3 e5 17. fxe5 dxe5 18. d6 Qb6 19. Rab1 Qa6 20. Rb5 b6 21. Bxc5 Rfc8 22. Bb4 Rxc4 23. Rxe5 Qc8 24. Rxa5 bxa5 25. Qxa5 Nd7 26. e5 Rb8 27. Bd5 Nxe5 28. Bxc4 Qxc4 1-0

[Event "Belgrade-chT"]
[Site "Belgrade"]
[Date "2014.10.05"]
[Round "2"]
[White "Kiproski, Branislav"]
[Black "Stefanovic, Ognjen"]
[Result "1-0"]
[WhiteElo "2185"]
[BlackElo "1764"]
[PlyCount "85"]
[EventDate "2014.10.04"]
[EventType "team-tourn"]
[EventRounds "13"]
[EventCountry "SRB"]
[SourceTitle "EXT 2015"]
[Source "ChessBase"]
[SourceDate "2014.11.20"]
[SourceVersion "1"]
[SourceVersionDate "2014.11.20"]
[SourceQuality "1"]

1. d4 Nf6 2. Nf3 g6 3. g3 Bg7 4. Bg2 d6 5. 0-0 0-0 6. c4 c6 7. Nc3 Qb6 8. h3 Qa6 9. Nd2 Nbd7 10. e4 e5 11. d5 cxd5 12. cxd5 b5 13. Re1 Qb6 14. Bf1 a6 15. Nb3 Bb7 16. a4 bxa4 17. Rxa4 Nc5 18. Nxc5 Qxc5 19. Be3 Qc7 20. Qa1 Rfb8 21. Rc1 Qd7 22. b4 Bf8 23. Kh2 Bc8 24. b5 Nh5 25. bxa6 f5 26. a7 Rb7 27. Rb1 Rxb1 28. Qxb1 f4 29. Bb6 fxg3+ 30. fxg3 Qf7 31. Qd3 Bh6 32. Ra2 g5 33. Nb5 Qf6 34. Nc7 g4 35. Rf2 Qg6 36. Nxa8 Bf4 37. Rxf4 exf4 38. Nc7 fxg3+ 39. Kg1 gxh3 40. a8Q h2+ 41. Kh1 Nf4 42. Qxc8+ Kg7 43. Ne6+ 1-0

[Event "SRB-ch U14"]
[Site "Subotica"]
[Date "2014.04.21"]
[Round "7"]
[White "Zarkovic, Milos"]
[Black "Stefanovic, Ognjen"]
[Result "0-1"]
[WhiteElo "1807"]
[BlackElo "1837"]
[PlyCount "84"]
[EventDate "2014.04.17"]
[EventType "swiss"]
[EventRounds "9"]
[EventCountry "SRB"]
[SourceTitle "CBM 160 Extra"]
[Source "ChessBase"]
[SourceDate "2014.07.01"]
[SourceVersion "1"]
[SourceVersionDate "2014.07.01"]
[SourceQuality "1"]

1. d4 Nf6 2. c4 g6 3. Nc3 Bg7 4. e4 d6 5. Nf3 0-0 6. Be2 Bg4 7. 0-0 Nfd7 8. h3 Bxf3 9. Bxf3 Nc6 10. Be3 e5 11. d5 Nd4 12. Be2 f5 13. f3 c5 14. a3 Nf6 15. b4 b6 16. Bd3 Nh5 17. Bf2 Nf4 18. Kh2 Bh6 19. Ne2 fxe4 20. fxe4 Qg5 21. Nxf4 Qxf4+ 22. Bg3 Qe3 23. Ra2 Bf4 24. Bxf4 exf4 25. Raf2 Qg3+ 26. Kh1 f3 27. gxf3 Qxh3+ 28. Rh2 Qg3 29. Rg2 Qe5 30. Kg1 Rf4 31. Be2 Raf8 32. Qd3 R8f7 33. Rff2 Qf6 34. Rg3 Qh4 35. Kg2 Kg7 36. Rf1 Qf6 37. Rf2 g5 38. Kg1 Kf8 39. Rf1 h5 40. Kg2 h4 41. Rh3 Nxe2 42. Qxe2 g4 0-1

[Event "SRB-ch U12"]
[Site "Vrnjacka Banja"]
[Date "2013.05.01"]
[Round "3"]
[White "Omorjan, Dejan"]
[Black "Stefanovic, Ognjen"]
[Result "1/2-1/2"]
[WhiteElo "1600"]
[BlackElo "1746"]
[PlyCount "91"]
[EventDate "2013.04.30"]
[EventType "swiss"]
[EventRounds "9"]
[EventCountry "SRB"]
[SourceTitle "CBM 154 Extra"]
[Source "ChessBase"]
[SourceDate "2013.06.25"]
[SourceVersion "2"]
[SourceVersionDate "2013.06.25"]
[SourceQuality "1"]

1. d4 Nf6 2. c4 g6 3. Nc3 Bg7 4. Nf3 0-0 5. Bf4 d6 6. e3 c6 7. h3 a6 8. Be2 b5 9. 0-0 Nbd7 10. a3 bxc4 11. Bxc4 Nb6 12. Ba2 Nbd5 13. Nxd5 Nxd5 14. Bxd5 cxd5 15. Rc1 Bd7 16. Re1 Qb6 17. Rc3 Rab8 18. b4 a5 19. bxa5 Qxa5 20. Qd2 Qa7 21. Rec1 Rb7 22. Qa2 Qa5 23. Bg5 f6 24. Bh4 Kh8 25. Bg3 Rfb8 26. Bf4 h6 27. Qd2 Kh7 28. Rd3 Qa7 29. Rdc3 Bf5 30. Nh4 Rb2 31. Qe1 Bb1 32. Nf3 e5 33. Bg3 R8b7 34. Kh2 g5 35. Qd1 Qa5 36. Nd2 Ba2 37. R1c2 Qa4 38. Rxb2 Qxd1 39. Rxb7 Bc4 40. Nxc4 exd4 41. exd4 Qxd4 42. Re3 dxc4 43. Ree7 Kg6 44. Rxg7+ Kf5 45. Rbc7 h5 46. Rgd7 1/2-1/2